Game of Thrones - Décodeur - Statistiques

Statistiques générales
  • Ce quiz a été pris 313 fois
  • Le résultat moyen est 13 sur 20
Statistiques - réponses
Groupes Indices Réponse % Correct
Indices A Fille cadette de la Maison Stark Arya Stark
95%
Indices T Maison dirigée par Olenna Tyrell
94%
Indices N Surnom d'Eddard Stark Ned
90%
Indices I Archipel dirigé par la Maison Greyjoy Îles de fer
85%
Indices W Continent où se passe la majorité des intrigues de Game of Thrones Westeros
85%
Indices S Surnomée "Le Limier", il fut le garde du corps de Joffrey Baratheon Sandor Clegane
83%
Indices N événement orchestré par la Maison Frey durant lequel le roi Robb et sa famille sont assassinés Noces Pourpres
82%
Indices R Surnom de Jaime Lannister Régicide
82%
Indices E Oncle de Theon et Yara Euron Greyjoy
69%
Indices I Armée d'élite composée d'eunuques Immaculés
65%
Indices S Confrérie d'assassins basée à Bravoos Sans-visage
60%
Indices N Fleuve de Port-Réal Néra
49%
Indices O Jeune intendant du Mur exécuté pour trahison Olly
49%
Indices E Amante d'Oberyn Martell Ellaria Sand
42%
Indices J Ancien Lord Commandant de la Garde de Nuit, poignardé à mort Jeor Mormont
42%
Indices N Dieu adoré par les fer-nés Noyé
42%
Indices S Surnom de Brynden Tully Silure
42%
Phrase Tu ne sais rien Jon Snow
42%
Indices O Sauvageonne tuée par Ramsay Bolton Osha
37%
Indices U Septa qui s'est "occupée" de Cersei Lannister et tuée par Gregor Clegane Unella
28%
Aucun quiz correspondant
Distribution des résultats
% des personnes avec chaque résultat
Percentile par nombre de réponses
Votre historique - résultats
Vous n’avez pas pris ce quiz